000 00274nam a2200097Ia 4500
001 717383
005 20250826163003.0
008 250824s9999 xx 000 0 und d
245 0 _aGÖKTEN NOT YAĞIYOR ROSİE İLE MUSANIN MACERALARI
_cMICHAEL DE COCK
260 _bHAYY YAYINLARI
999 _c717383
_d717383